Projecte Atenea : dones i treball qualificat : Pacte Territorial del Bages dones i treball qualificat :

Descripción Física: 60 p. : taules ; 29 cm

MARC

LEADER 00000nam a2200000Ia 4500
001 21202
008 160829s2008 xx 000 0 cat d
080 |a M-6-155 
245 |a Projecte Atenea :  |b  dones i treball qualificat :  |b  Pacte Territorial del Bages 
260 |a Barcelona :  |b Diputació de Barcelona. Àrea de Desenvolupament Econòmic. Servei de Mercat de Treball,  |c 2008 
300 |a 60 p. :  |b  taules ;  |c 29 cm 
650 0 |a Dones  |x Treball  |z Bages  |9 9866 
650 |a Projecte Atenea  |9 44034 
710 |a Barcelona (Catalunya : Província).  |b Servei de Mercat de Treball  |9 52905 
901 |a Arxiu 
942 |n 1 
952 |0 0  |1 0  |4 0  |6 M6155  |7 1  |9 51751  |a Arxiu  |b Arxiu  |d 2016-12-01  |l 0  |o M-6-155  |p 21202  |r 2016-12-01 00:00:00  |w 2016-12-01  |y ARXIU 
999 |c 55597  |d 55597